[Event "ICS Rated standard match"]
[Site "204.178.125.65"]
[Date "2000.05.09"]
[Round "?"]
[White "PostModernist"]
[Black "Hossa"]
[Result "1-0"]
[WhiteElo "2392"]
[BlackElo "2356"]
[PlyCount "111"]
[EventDate "2000.??.??"]

1. d4 d5 2. Nf3 e6 3. c4 Nf6 4. g3 dxc4 5. Qa4+ Nbd7 6. Bg2 c5 7. O-O cxd4 8.
Nxd4 Be7 9. Rd1 O-O 10. Qxc4 Nb6 11. Qc2 Nbd5 12. e4 Nb4 13. Qe2 Bd7 14. a3 Na6
15. Nc3 e5 16. Nf5 Qe8 17. Bg5 Be6 18. Qb5 Bxf5 19. exf5 Qxb5 20. Nxb5 e4 21.
b4 Rfe8 22. Rab1 Rab8 23. Rd4 Ra8 24. Bxf6 Bxf6 25. Rxe4 Red8 26. Ree1 Rab8 27.
Nxa7 Nc7 28. Rbc1 Na8 29. Nb5 h6 30. Red1 Rf8 31. Rd7 b6 32. Ra7 h5 33. h4 Rfd8
34. Bf3 Be5 35. Bxh5 Rf8 36. Re1 Bb2 37. Ree7 Rbc8 38. Bxf7+ Kh8 39. Red7 Bf6
40. Nd6 Rb8 41. Ne4 Be5 42. f6 Rbd8 43. fxg7+ Bxg7 44. Rd5 Bh6 45. Rh5 Kg7 46.
Bd5+ Kg6 47. Re5 Rf5 48. h5+ Rxh5 49. Re6+ Kf5 50. Rf7+ Kg4 51. Nf6+ Kg5 52.
Nh7+ Kg4 53. Rg6+ Rg5 54. Bf3+ Kh3 55. Rxh6+ Rh5 56. Rxh5# {Hossa checkmated}
1-0

[Event "ICS Rated blitz match"]
[Site "204.178.125.65"]
[Date "2000.05.09"]
[Round "?"]
[White "QueenMaxima"]
[Black "Hossa"]
[Result "1/2-1/2"]
[WhiteElo "2485"]
[BlackElo "2535"]
[PlyCount "147"]
[EventDate "2000.??.??"]

1. e4 c6 2. d4 Na6 3. Nf3 Nc7 4. Nc3 g6 5. Bd3 d5 6. O-O Bg7 7. e5 Nh6 8. Be3
O-O 9. Qd2 Ng4 10. Bf4 Ne6 11. h3 Nxf4 12. Qxf4 Nh6 13. Rfd1 f6 14. exf6 Rxf6
15. Qh2 Rxf3 16. gxf3 Bxd4 17. Na4 Bg7 18. c3 e5 19. Qg3 Nf5 20. Bxf5 Bxf5 21.
Nc5 Qe7 22. Nb3 Rf8 23. h4 Be6 24. Kg2 Bh6 25. Qh2 Qf6 26. Kg1 Qxf3 27. Nc5 Bg4
28. Re1 Bd2 29. Reb1 Bh3 30. Qg3 Qxg3+ 31. fxg3 Be3+ 32. Kh2 Bf5 33. Nxb7 Bxb1
34. Rxb1 Bb6 35. a4 Rb8 36. a5 Rxb7 37. axb6 Rxb6 38. Kh3 c5 39. Re1 e4 40. c4
dxc4 41. Rxe4 Rxb2 42. Rxc4 Rb5 43. g4 h6 44. g5 h5 45. Ra4 a5 46. Kg3 Kh7 47.
Kf3 Kg7 48. Rc4 Kf7 49. Rf4+ Kg8 50. Rc4 Kf8 51. Rf4+ Ke7 52. Rf6 Rb3+ 53. Ke4
Rb4+ 54. Kd5 Rxh4 55. Kxc5 Re4 56. Rxg6 Re5+ 57. Kd4 Rb5 58. Ke4 Kf7 59. Rf6+
Kg7 60. Kf4 Rb1 61. Ra6 Rb4+ 62. Kf5 Rb5+ 63. Kf4 Kg8 64. Ra8+ Kf7 65. Rh8 Rb4+
66. Kf5 h4 67. g6+ Kg7 68. Rh7+ Kg8 69. Ra7 a4 70. Ra8+ Kg7 71. Ra7+ Kg8 72.
Ra8+ Kg7 73. Ra7+ Kg8 74. Ra8+ 1/2-1/2

[Event "ICS rated blitz match"]
[Site "204.178.125.65"]
[Date "2000.05.09"]
[Round "?"]
[White "Hossa"]
[Black "QueenMaxima"]
[Result "1-0"]
[WhiteElo "2533"]
[BlackElo "2487"]
[PlyCount "47"]
[EventDate "2000.??.??"]

1. e4 e5 2. Nf3 Nc6 3. Nc3 Nf6 4. Nxe5 Nxe5 5. d4 Ng6 6. e5 Ng8 7. Bc4 Bb4 8.
Qf3 Bxc3+ 9. bxc3 Qe7 10. O-O d6 11. Ba3 Nh6 12. exd6 cxd6 13. Rfe1 Be6 14. d5
Qc7 15. Bb5+ Ke7 16. dxe6 fxe6 17. Qd5 e5 18. Rxe5+ Nxe5 19. Qxe5+ Kf7 20. Qf4+
Kg8 21. Bxd6 Qf7 22. Bc4 Re8 23. Bxf7+ Nxf7 24. Ba3 {QueenMaxima resigns} 1-0

[Event "ICS rated standard match"]
[Site "204.178.125.65"]
[Date "2000.05.09"]
[Round "?"]
[White "Hossa"]
[Black "kingkiller2"]
[Result "1-0"]
[WhiteElo "2342"]
[BlackElo "2066"]
[PlyCount "103"]
[EventDate "2000.??.??"]

1. e4 e5 2. Nf3 Nf6 3. Nxe5 d6 4. Nf3 Nxe4 5. d4 Nf6 6. Bd3 d5 7. O-O Be7 8.
Bf4 O-O 9. Nbd2 Bg4 10. c3 Bd6 11. Bg5 Nbd7 12. Qc2 h6 13. Bh7+ Kh8 14. Bxf6
Qxf6 15. Bd3 Bxf3 16. Nxf3 Rae8 17. Rfd1 c6 18. Qa4 a6 19. Qc2 Re6 20. Bf5 Re7
21. Re1 b5 22. Bxd7 Rxd7 23. Re2 c5 24. dxc5 Bxc5 25. Rd1 Rfd8 26. Rde1 g6 27.
Ne5 Re7 28. Qd2 Kh7 29. Ng4 Qh4 30. Qf4 Kg7 31. Rxe7 Bxe7 32. Qxh6+ Qxh6 33.
Nxh6 Kxh6 34. Rxe7 Kg7 35. f3 Kf6 36. Ra7 Rd6 37. a3 Ke6 38. Kf2 f6 39. g3 f5
40. f4 Kf6 41. h3 g5 42. fxg5+ Kxg5 43. h4+ Kh5 44. Ke3 d4+ 45. cxd4 f4+ 46.
gxf4 Kxh4 47. Re7 Kg4 48. Ke4 Rc6 49. Rg7+ Kh5 50. d5 Rc2 51. Kf5 Rxb2 52. Rh7#
1-0

[Event "ICS rated standard match"]
[Site "204.178.125.65"]
[Date "2000.05.09"]
[Round "?"]
[White "Hossa"]
[Black "star"]
[Result "0-1"]
[WhiteElo "2347"]
[BlackElo "2500"]
[PlyCount "114"]
[EventDate "2000.??.??"]

1. e4 d5 2. exd5 Qxd5 3. Nc3 Qa5 4. d4 Nf6 5. Nf3 Bf5 6. Bd2 c6 7. Bc4 e6 8.
Qe2 Bb4 9. a3 Nd5 10. Bxd5 Bxc3 11. Bxc6+ Nxc6 12. Bxc3 Qd5 13. Nh4 O-O 14.
Nxf5 Qxf5 15. Rd1 Rfc8 16. O-O Ne7 17. Rc1 Rc7 18. Bb4 Nc6 19. c3 Rd8 20. b3 b6
21. a4 Qd5 22. Qb2 Nxb4 23. cxb4 Rxc1 24. Rxc1 e5 25. Qc2 exd4 26. Qc7 d3 27.
Rd1 d2 28. h4 Qd4 29. Qe7 h6 30. b5 Rc8 31. Kh2 Rc1 32. Rxd2 Qxd2 33. Qe8+ Kh7
34. Qxf7 Qd6+ 35. g3 Qf6 36. Qxf6 gxf6 37. h5 Rb1 38. Kh3 Rxb3 39. Kg4 Kg7 40.
Kf5 Rf3+ 41. Ke4 Rxf2 42. Kd5 Rc2 43. Ke4 Rc3 44. g4 Rc4+ 45. Kd5 Rxg4 46. Kd6
Rxa4 47. Ke6 Re4+ 48. Kd6 f5 49. Kd5 Ra4 50. Ke6 f4 51. Kd6 f3 52. Kd5 f2 53.
Kc6 f1=Q 54. Kb7 Qf7+ 55. Kc6 Rc4+ 56. Kd6 Rd4+ 57. Ke5 Qd5# {Hossa checkmated}
0-1

[Event "ICS rated blitz match"]
[Site "204.178.125.65"]
[Date "2000.05.09"]
[Round "?"]
[White "sanchess64"]
[Black "Hossa"]
[Result "0-1"]
[WhiteElo "1957"]
[BlackElo "2547"]
[PlyCount "36"]
[EventDate "2000.??.??"]

1. e4 e5 2. Nf3 Nc6 3. d4 exd4 4. c3 dxc3 5. Bc4 cxb2 6. Bxb2 d6 7. Nc3 Be7 8.
Qb3 Nh6 9. O-O-O Na5 10. Qa4+ c6 11. Bd3 b5 12. Qc2 Be6 13. Nxb5 cxb5 14. Bxg7
Rc8 15. Bxh8 Rxc2+ 16. Bxc2 Bxa2 17. e5 Nc4 18. exd6 Bg5+ {sanchess64 resigns}
0-1

[Event "ICS rated blitz match"]
[Site "204.178.125.65"]
[Date "2000.05.09"]
[Round "?"]
[White "Beadle"]
[Black "Hossa"]
[Result "1/2-1/2"]
[WhiteElo "2652"]
[BlackElo "2530"]
[PlyCount "144"]
[EventDate "2000.??.??"]

1. e4 c6 2. d4 Na6 3. Bxa6 Qa5+ 4. Nc3 Qxa6 5. Bf4 Qb6 6. b3 d5 7. exd5 cxd5 8.
Nge2 Nf6 9. Qd3 Bg4 10. f3 Bh5 11. Qb5+ Qc6 12. g4 Bg6 13. g5 Nh5 14. Nxd5
O-O-O 15. Qxc6+ bxc6 16. Nb4 Kb7 17. Bd2 e5 18. dxe5 Rxd2 19. Kxd2 Bxb4+ 20. c3
Rd8+ 21. Ke1 Bc5 22. Rd1 Re8 23. f4 Bc2 24. Rd2 Bf5 25. Rf1 Bh3 26. Rf3 Bg4 27.
Rf1 Be3 28. Rc2 Re7 29. h4 Bxe2 30. Kxe2 Bxf4 31. Kf3 g6 32. Kg4 Bxe5 33. Rcf2
Bc7 34. Rxf7 Re4+ 35. Kf3 Rxh4 36. Rxh7 Rf4+ 37. Kg2 Rxf1 38. Kxf1 Ng3+ 39. Kf2
Ne4+ 40. Ke3 Nxc3 41. a4 Na2 42. Kd3 Nc1+ 43. Kc2 Ne2 44. Rg7 Nf4 45. b4 Kb6
46. a5+ Kb7 47. Kb3 a6 48. Rf7 Ne6 49. Rf6 Nxg5 50. Rxg6 Nf3 51. Kc3 c5 52.
bxc5 Bxa5+ 53. Kb3 Bc7 54. Rf6 Ne5 55. Kb4 Nc6+ 56. Kc4 a5 57. Kb5 Nd4+ 58. Kc4
Ne2 59. Rf7 Nc1 60. Kb5 Nb3 61. c6+ Kc8 62. Rf8+ Bd8 63. Ka4 Nc5+ 64. Kb5 Nd3
65. Rxd8+ Kxd8 66. Kxa5 Kc7 67. Ka6 Nf4 68. Kb5 Nd3 69. Ka5 Nf4 70. Kb5 Nd3 71.
Ka5 Nf4 72. Kb5 Ne2 1/2-1/2

[Event "ICS rated blitz match"]
[Site "204.178.125.65"]
[Date "2000.05.09"]
[Round "?"]
[White "Hossa"]
[Black "Beadle"]
[Result "1-0"]
[WhiteElo "2535"]
[BlackElo "2647"]
[PlyCount "141"]
[EventDate "2000.??.??"]

1. e4 c5 2. Nf3 d6 3. d4 cxd4 4. Nxd4 Nf6 5. Nc3 a6 6. Bg5 e6 7. f4 Be7 8. Qf3
Qc7 9. O-O-O Nbd7 10. g4 O-O 11. Kb1 Nc5 12. e5 dxe5 13. fxe5 Nd5 14. Nxd5 exd5
15. Bf4 Qb6 16. Nf5 Bxf5 17. gxf5 Rfd8 18. Be3 Qb4 19. f6 Na4 20. Bc1 Qe4 21.
Qg3 Bf8 22. Bg2 Qb4 23. fxg7 Bxg7 24. Bxd5 Kh8 25. Bxf7 Rxd1 26. Rxd1 Qe7 27.
e6 Rc8 28. Rd7 Qc5 29. Qd3 Nc3+ 30. bxc3 Qb6+ 31. Bb2 Qg1+ 32. Qd1 Qxd1+ 33.
Rxd1 Bf6 34. e7 Kg7 35. e8=Q Rxe8 36. Bxe8 Kf8 37. Bd7 a5 38. Bb5 h5 39. Rd7 b6
40. Rb7 Be5 41. h3 Bd6 42. Rxb6 Ke7 43. Rb7+ Kf6 44. Ra7 Be5 45. Rxa5 Bc7 46.
c4+ Kg5 47. Ra7 Bb6 48. Rg7+ Kf4 49. Be8 h4 50. Rg4+ Ke3 51. Rxh4 Kf3 52. Rg4
Ke2 53. Rg2+ Kf1 54. Bc6 Bg1 55. Bf3 Be3 56. Bc3 Bc5 57. Bg7 Ke1 58. Kb2 Bb6
59. Bc3+ Kf1 60. Kb3 Bc5 61. Ka4 Bb6 62. Kb5 Bc5 63. Be5 Bf2 64. c5 Be1 65. c6
Bc3 66. Bd6 Bd4 67. a4 Bc3 68. c7 Be5 69. Bxe5 Ke1 70. Bd4 Kf1 71. Rg1# {
Beadle checkmated} 1-0

[Event "ICS rated blitz match"]
[Site "204.178.125.65"]
[Date "2000.05.09"]
[Round "?"]
[White "PostModernist"]
[Black "Hossa"]
[Result "1-0"]
[WhiteElo "2598"]
[BlackElo "2556"]
[PlyCount "85"]
[EventDate "2000.??.??"]

1. d4 Nf6 2. c4 e6 3. g3 Bb4+ 4. Bd2 c5 5. Bxb4 cxb4 6. Nf3 d5 7. Nbd2 dxc4 8.
Nxc4 Nc6 9. Bg2 O-O 10. O-O a5 11. Qd3 g6 12. Rac1 b3 13. a4 Re8 14. Qxb3 Nxd4
15. Nxd4 Qxd4 16. Rfd1 Qg4 17. h3 Qh5 18. Nd6 Rf8 19. g4 Qe5 20. Qb5 Qxb5 21.
axb5 Nd5 22. Bxd5 exd5 23. Rxd5 Rd8 24. Rd3 f5 25. g5 f4 26. Kh2 Bf5 27. Rd4
Be6 28. Rcd1 Rab8 29. Rxf4 Bb3 30. Rd3 a4 31. Rfd4 Rf8 32. f3 b6 33. Rc3 Rbd8
34. Rc6 Rb8 35. Rh4 Bd1 36. Rc7 Rfd8 37. Ne4 Rd6 38. Rhxh7 Rbd8 39. Nf6+ Rxf6
40. Rcg7+ Kf8 41. gxf6 Bb3 42. Rh8+ Bg8 43. Rhxg8# {Hossa checkmated} 1-0

[Event "ICS rated blitz match"]
[Site "204.178.125.65"]
[Date "2000.05.09"]
[Round "?"]
[White "Hossa"]
[Black "MissSilicon"]
[Result "0-1"]
[WhiteElo "2542"]
[BlackElo "2658"]
[PlyCount "50"]
[EventDate "2000.??.??"]

1. e4 e6 2. d4 d5 3. Nc3 Nf6 4. Bg5 dxe4 5. Nxe4 Nbd7 6. Nf3 Be7 7. Nxf6+ Bxf6
8. Qd2 O-O 9. O-O-O b6 10. h4 Bb7 11. Bd3 c5 12. Ne5 Nxe5 13. dxe5 Be7 14. Qf4
Qc7 15. Qg4 Rfd8 16. Kb1 Bxg5 17. hxg5 Qxe5 18. Qh4 Kf8 19. Rde1 Qd4 20. Qh2 c4
21. Bxh7 c3 22. g6 Qb4 23. Qd6+ Rxd6 24. b3 Qa3 25. gxf7 Qb2# 0-1

[Event "ICS rated blitz match"]
[Site "204.178.125.65"]
[Date "2000.05.09"]
[Round "?"]
[White "QueenMaxima"]
[Black "Hossa"]
[Result "1-0"]
[WhiteElo "2460"]
[BlackElo "2531"]
[PlyCount "141"]
[EventDate "2000.??.??"]

1. d4 Nf6 2. c4 e6 3. Nc3 Bb4 4. e3 b6 5. Bd3 Bb7 6. Nf3 O-O 7. O-O Bxc3 8.
bxc3 c5 9. a3 Bxf3 10. Qxf3 Nc6 11. a4 Qc7 12. Ba3 Na5 13. h3 Rfc8 14. Rac1 d5
15. cxd5 exd5 16. dxc5 Nb3 17. cxb6 axb6 18. Rcd1 Qxc3 19. Qe2 Nd2 20. Qxd2
Qxa3 21. Bb5 Qd6 22. Qd4 Rc5 23. Rb1 Ne4 24. Bd3 Nc3 25. Rb4 Rc6 26. Re1 Qe6
27. Ra1 Rc5 28. a5 Raxa5 29. Rxa5 bxa5 30. Rb8+ Rc8 31. Qe5 Qc6 32. Bf5 Rf8 33.
Bxh7+ Kxh7 34. Rxf8 Ne2+ 35. Kf1 Nc3 36. Qh5+ Qh6 37. Qxh6+ Kxh6 38. Rxf7 Kg6
39. Rc7 Nb1 40. Ke1 a4 41. Rc1 Na3 42. Rc6+ Kh7 43. Ra6 Nc2+ 44. Kd2 Na3 45.
Rxa4 Nc4+ 46. Ke1 Nb6 47. Ra5 Kg8 48. Rb5 Nc4 49. Rxd5 Kf8 50. e4 Nb6 51. Rb5
Nd7 52. Kd2 Ke8 53. g3 Kf7 54. f4 Nf8 55. f5 Nd7 56. e5 Ke8 57. Kd3 Kd8 58. Ke4
Kc7 59. Kd4 Kc6 60. Rd5 Kc7 61. Rd6 Nf8 62. Ra6 Kb7 63. e6 Kxa6 64. e7 Nd7 65.
e8=Q Nf6 66. Qc6+ Ka7 67. Kc5 Kb8 68. Kb6 Nd5+ 69. Qxd5 Kc8 70. Qd6 g6 71. Qc7#
1-0

[Event "ICS rated blitz match"]
[Site "204.178.125.65"]
[Date "2000.05.09"]
[Round "?"]
[White "Hossa"]
[Black "RusMafia"]
[Result "1-0"]
[WhiteElo "2512"]
[BlackElo "1972"]
[PlyCount "59"]
[EventDate "2000.??.??"]

1. e4 e6 2. d4 d5 3. Nc3 dxe4 4. Nxe4 Nd7 5. Nf3 Ngf6 6. Nxf6+ Nxf6 7. Bd3 Be7
8. Bg5 O-O 9. Qe2 c5 10. dxc5 Qa5+ 11. c3 Qxc5 12. Rd1 b6 13. Bxf6 Bxf6 14. Qe4
g6 15. Qxa8 Bxc3+ 16. bxc3 Qxc3+ 17. Ke2 Ba6 18. Qxa7 Qc2+ 19. Rd2 Bxd3+ 20.
Ke3 Qc5+ 21. Kxd3 Rd8+ 22. Ke2 Qc4+ 23. Kd1 Rc8 24. Re1 Qc1+ 25. Ke2 Qc4+ 26.
Ke3 Qc5+ 27. Kf4 Qf5+ 28. Kg3 Rc4 29. Qb8+ Kg7 30. h3 1-0

[Event "ICS rated blitz match"]
[Site "204.178.125.65"]
[Date "2000.05.09"]
[Round "?"]
[White "RusMafia"]
[Black "Hossa"]
[Result "0-1"]
[WhiteElo "1971"]
[BlackElo "2513"]
[PlyCount "36"]
[EventDate "2000.??.??"]

1. d4 Nf6 2. Nf3 e6 3. c4 b6 4. Nc3 Bb7 5. Bg5 Be7 6. e3 O-O 7. Bd3 Nc6 8. O-O
Ng4 9. Bf4 Nb4 10. Be2 d5 11. a3 Nc6 12. cxd5 exd5 13. Nb5 Rc8 14. Rc1 Qd7 15.
Qa4 a6 16. Nxc7 Rxc7 17. Bxc7 Qxc7 18. Bxa6 Ra8 0-1

[Event "ICS rated blitz match"]
[Site "204.178.125.65"]
[Date "2000.05.09"]
[Round "?"]
[White "Hossa"]
[Black "RusMafia"]
[Result "1-0"]
[WhiteElo "2514"]
[BlackElo "1970"]
[PlyCount "24"]
[EventDate "2000.??.??"]

1. e4 c6 2. d4 d5 3. Nc3 dxe4 4. Nxe4 Nd7 5. Ng5 Ngf6 6. Bd3 e6 7. N1f3 h6 8.
Nxe6 fxe6 9. Bg6+ Ke7 10. O-O c5 11. Re1 Qb6 12. d5 Kd8 1-0

[Event "ICS rated blitz match"]
[Site "204.178.125.65"]
[Date "2000.05.09"]
[Round "?"]
[White "RusMafia"]
[Black "Hossa"]
[Result "0-1"]
[WhiteElo "1969"]
[BlackElo "2515"]
[PlyCount "74"]
[EventDate "2000.??.??"]

1. e4 e5 2. Nf3 Nc6 3. Bc4 Bc5 4. d3 Nf6 5. c3 d6 6. Bb3 Bg4 7. Nbd2 O-O 8. h3
Bh5 9. Nf1 d5 10. exd5 Nxd5 11. Ng3 Bg6 12. O-O Nf6 13. Nxe5 Nxe5 14. d4 Nd3
15. dxc5 Nxc5 16. Bc4 Nd3 17. Bxd3 Bxd3 18. Re1 Re8 19. Rxe8+ Nxe8 20. Be3 Qd5
21. Qd2 Rd8 22. Rd1 Qxa2 23. Ne2 Qa4 24. Nf4 Be2 25. Qxd8 Qxd1+ 26. Qxd1 Bxd1
27. Bxa7 Bb3 28. Be3 Nd6 29. Kf1 Nc4 30. Bc1 Ne5 31. Ke2 Bc4+ 32. Ke3 b5 33.
Ne2 c5 34. Ng1 Bf1 35. g3 Nd3 36. Bd2 Nxb2 37. h4 Nc4+ 0-1

[Event "ICS rated blitz match"]
[Site "204.178.125.65"]
[Date "2000.05.09"]
[Round "?"]
[White "Hossa"]
[Black "SumoPapa"]
[Result "1-0"]
[WhiteElo "2516"]
[BlackElo "2143"]
[PlyCount "61"]
[EventDate "2000.??.??"]

1. e4 e5 2. Nf3 Nf6 3. Nxe5 d6 4. Nf3 Nxe4 5. d4 d5 6. Bd3 Bg4 7. O-O Bd6 8.
Re1 f5 9. h3 Bh5 10. Nc3 c6 11. g4 Bg6 12. gxf5 Bxf5 13. Ng5 Be7 14. Ncxe4 dxe4
15. Bxe4 O-O 16. Bxf5 Rxf5 17. Ne6 Qd7 18. Qg4 g6 19. Bh6 Na6 20. c3 Bd6 21.
Re2 Re8 22. Ng7 Rxe2 23. Qxe2 Rf8 24. Qc4+ Kh8 25. Ne6 b5 26. Qb3 Rf7 27. Re1
Re7 28. Bg5 Re8 29. Bf6+ Kg8 30. Nc5+ Qf7 31. Rxe8+ {SumoPapa resigns} 1-0

[Event "ICS rated blitz match"]
[Site "204.178.125.65"]
[Date "2000.05.09"]
[Round "?"]
[White "Hossa"]
[Black "WitPaard"]
[Result "0-1"]
[WhiteElo "2524"]
[BlackElo "2209"]
[PlyCount "132"]
[EventDate "2000.??.??"]

1. e4 e5 2. Nf3 Nc6 3. Nc3 Nf6 4. Nxe5 Nxe5 5. d4 Ng6 6. e5 Ng8 7. Bc4 c6 8.
Qf3 d5 9. exd6 Nf6 10. Qe2+ Kd7 11. Nb5 Bxd6 12. Nxd6 Kxd6 13. O-O Re8 14. Be3
Ke7 15. d5 Kf8 16. dxc6 bxc6 17. Rad1 Qc7 18. Rfe1 Be6 19. Ba6 Kg8 20. f3 Nd5
21. Bf2 Ndf4 22. Qf1 Bd5 23. c4 Rxe1 24. Qxe1 Be6 25. Bc5 h5 26. Qe4 Rd8 27.
Rd4 Rxd4 28. Bxd4 Qa5 29. Bxa7 Qxa6 30. Be3 Qxc4 31. Qxc4 Bxc4 32. b3 Bd5 33.
Bd2 Nd3 34. Kf1 Kf8 35. Ke2 Ndf4+ 36. Kf2 h4 37. h3 Ke8 38. Kg1 Kd7 39. Kf2 Kd6
40. Kg1 Kc5 41. Kf1 Kd4 42. Kf2 Kd3 43. Bc1 f6 44. Kf1 Ne2 45. Bb2 Nc3 46. Bxc3
Kxc3 47. Ke1 Kb2 48. a4 Kxb3 49. a5 Bc4 50. Kf2 Ba6 51. Ke3 c5 52. Ke4 c4 53.
Kf5 Nf8 54. Kg4 c3 55. Kxh4 c2 56. Kg3 c1=Q 57. Kh2 Qe1 58. h4 Qf2 59. Kh3 Bc8+
60. Kh2 Qxh4+ 61. Kg1 Qg3 62. f4 Bb7 63. Kf1 Ne6 64. f5 Nd4 65. a6 Qxg2+ 66.
Ke1 Qe2# {Hossa checkmated} 0-1

[Event "ICS rated blitz match"]
[Site "204.178.125.65"]
[Date "2000.05.09"]
[Round "?"]
[White "Tinker"]
[Black "Hossa"]
[Result "1-0"]
[WhiteElo "2520"]
[BlackElo "2496"]
[PlyCount "135"]
[EventDate "2000.??.??"]

1. e4 e5 2. Nc3 Nf6 3. Nf3 Nc6 4. d3 Bb4 5. Bd2 O-O 6. a3 Bxc3 7. Bxc3 d5 8.
Nxe5 Nxe5 9. Bxe5 Re8 10. Bxf6 Qxf6 11. Be2 dxe4 12. dxe4 Rxe4 13. O-O Re8 14.
c3 Bf5 15. Re1 Qh4 16. Bf3 Rxe1+ 17. Qxe1 c6 18. Rd1 Be6 19. Rd4 Qg5 20. Rd1
Re8 21. Rd4 g6 22. Ra4 a5 23. b4 Bd7 24. Qd1 Qe5 25. h3 Bf5 26. Qd2 Qe1+ 27.
Qxe1 Rxe1+ 28. Kh2 axb4 29. axb4 Rc1 30. Ra7 Rxc3 31. Rxb7 c5 32. b5 Be6 33. b6
Kg7 34. Ra7 Bc8 35. Bd5 Rd3 36. Bxf7 Kf6 37. b7 Bxb7 38. Rxb7 Rd1 39. Rc7 Rc1
40. Be8 Re1 41. Bb5 Rc1 42. Rxh7 Rb1 43. Bd3 Rd1 44. Be4 Re1 45. f3 g5 46. Rc7
Rc1 47. Rc6+ Kf7 48. Rg6 g4 49. hxg4 Rd1 50. Ra6 Rd4 51. Rc6 c4 52. Rxc4 Rd1
53. g5 Rd8 54. g6+ Kg8 55. Rc7 Rd6 56. Bc2 Rb6 57. Bd3 Rb4 58. Bc4+ Rxc4 59.
Rxc4 Kf8 60. Rg4 Ke7 61. g7 Kf6 62. f4 Kf7 63. g8=Q+ Ke7 64. Rg6 Kd7 65. Qe6+
Kd8 66. Rg8+ Kc7 67. Rg7+ Kd8 68. Qd7# {Hossa checkmated} 1-0

[Event "ICS rated standard match"]
[Site "204.178.125.65"]
[Date "2000.05.09"]
[Round "?"]
[White "QueenMaxima"]
[Black "Hossa"]
[Result "0-1"]
[WhiteElo "2331"]
[BlackElo "2338"]
[PlyCount "92"]
[EventDate "2000.??.??"]

1. e4 e5 2. Nf3 Nc6 3. Bc4 Bc5 4. c3 Nf6 5. d3 d6 6. O-O O-O 7. Bb3 a6 8. Nbd2
Be6 9. h3 Qe7 10. Bxe6 fxe6 11. Nb3 Bb6 12. Bg5 Qf7 13. Nbd2 d5 14. Qc2 Nd7 15.
b4 Nf6 16. a4 Nd7 17. Qb3 Rab8 18. b5 Na5 19. Qb4 c5 20. Qa3 Bc7 21. Bh4 Ra8
22. Ng5 Qg6 23. c4 Bd8 24. Ngf3 Nxc4 25. dxc4 dxe4 26. Nxe5 Nxe5 27. Bg3 Nd3
28. Bd6 Rf7 29. Rad1 Rd7 30. Bh2 axb5 31. cxb5 Rd4 32. Ra1 Bg5 33. Nb3 Rd5 34.
Ra2 e3 35. fxe3 Bxe3+ 36. Kh1 Rf5 37. Rf3 Rxf3 38. gxf3 Qf5 39. Rg2 Qxf3 40.
Bg1 Qxh3+ 41. Bh2 Rf8 42. Qc1 Bxc1 43. Nd2 Bxd2 44. Kg1 Be3+ 45. Rf2 Bxf2+ 46.
Kh1 Qf3# 0-1

[Event "ICS rated standard match"]
[Site "204.178.125.65"]
[Date "2000.05.09"]
[Round "?"]
[White "Hossa"]
[Black "QueenMaxima"]
[Result "0-1"]
[WhiteElo "2354"]
[BlackElo "2315"]
[PlyCount "172"]
[EventDate "2000.??.??"]

1. e4 c5 2. Nf3 d6 3. d4 cxd4 4. Nxd4 Nf6 5. Nc3 g6 6. Be3 Bg7 7. f3 Nc6 8. Qd2
O-O 9. Be2 a6 10. O-O Qc7 11. Nb3 b5 12. Bh6 Be6 13. Bd3 Rfd8 14. Rf2 Qa7 15.
Bf1 Bxh6 16. Qxh6 Ne5 17. Nd1 Qb6 18. Nc1 d5 19. Nd3 Nxd3 20. Bxd3 dxe4 21.
Bxe4 Nxe4 22. fxe4 Rac8 23. Ne3 Qd4 24. c3 Qxe4 25. Nc2 Bxa2 26. Nb4 Bc4 27.
Nc2 Ra8 28. Re1 Qb7 29. Nd4 Rac8 30. Nf3 f6 31. Nd2 Qa7 32. g3 e5 33. Ne4 f5
34. Nd2 e4 35. g4 Rd3 36. Nxc4 bxc4 37. gxf5 Rf3 38. Ree2 Rxf5 39. Qe3 Qxe3 40.
Rxe3 Rcf8 41. Rfe2 Rg5+ 42. Rg3 Re5 43. Rg4 Rfe8 44. Kf1 Kg7 45. h4 h5 46. Rg1
Rf8+ 47. Ke1 Rf4 48. Reg2 Re6 49. Rh1 Ref6 50. Ke2 Rf3 51. Rhh2 Kf7 52. Rg1 Rb6
53. Ke1 Re3+ 54. Kf1 Rf6+ 55. Kg2 Ref3 56. Re1 e3 57. Re2 Rf2+ 58. Kg1 Rf1+ 59.
Kg2 R6f2+ 60. Kh3 Rf3+ 61. Kg2 R1f2+ 62. Kh1 Kg7 63. Rg2 Rh3+ 64. Kg1 Rf4 65.
Rh2 Rg3+ 66. Rhg2 Rgf3 67. Rg5 Rxh4 68. Reg2 Kf7 69. Rd5 Rhf4 70. Rd7+ Kf8 71.
Rd1 h4 72. Rd8+ Ke7 73. Ra8 h3 74. Rc2 Rf1+ 75. Kh2 R1f2+ 76. Kg3 Rxc2 77. Rxa6
e2 78. Ra7+ Kf6 79. Ra6+ Kg5 80. Ra5+ Rf5 81. Ra1 h2 82. Re1 h1=Q 83. Rxh1 Rf1
84. Rh5+ gxh5 85. Kh3 e1=Q 86. b4 Rh1# {Hossa checkmated} 0-1

[Event "ICS rated blitz match"]
[Site "204.178.125.65"]
[Date "2000.05.09"]
[Round "?"]
[White "vadux"]
[Black "Hossa"]
[Result "1-0"]
[WhiteElo "2143"]
[BlackElo "2485"]
[PlyCount "113"]
[EventDate "2000.??.??"]

1. d4 d5 2. c4 e6 3. Nc3 Nf6 4. cxd5 exd5 5. Bg5 Be7 6. e3 O-O 7. Bd3 c6 8. Qc2
Nbd7 9. Nf3 Kh8 10. O-O Kg8 11. Rab1 Re8 12. b4 h6 13. Bh4 a6 14. a4 a5 15. b5
c5 16. dxc5 Nxc5 17. Rfd1 g5 18. Bg3 Nxd3 19. Qxd3 g4 20. Nd4 Bb4 21. Rbc1 Ne4
22. Nxe4 dxe4 23. Qb3 Qg5 24. Bf4 Qg7 25. Rc7 Qg6 26. Rdc1 Qf6 27. g3 Be6 28.
Nxe6 Qxe6 29. Qxe6 Rxe6 30. Rxb7 Rd8 31. Kg2 Kf8 32. Rbc7 h5 33. R7c6 Rxc6 34.
Rxc6 Rd7 35. h3 Rd1 36. hxg4 hxg4 37. b6 Rd7 38. Rc7 Rd6 39. Bxd6+ Bxd6 40.
Rc8+ Ke7 41. b7 Be5 42. b8=Q Bxb8 43. Rxb8 Kd6 44. Rb5 Ke6 45. Rxa5 Kd6 46. Rb5
f5 47. a5 Kc6 48. Rb1 Kd5 49. a6 Kc5 50. a7 f4 51. a8=Q fxe3 52. fxe3 Kc4 53.
Qc6+ Kd3 54. Rb3+ Kd2 55. Qa6 Kc1 56. Qa2 Kd1 57. Rb1# {Hossa checkmated} 1-0

[Event "ICS rated blitz match"]
[Site "204.178.125.65"]
[Date "2000.05.09"]
[Round "?"]
[White "prg3"]
[Black "Hossa"]
[Result "1/2-1/2"]
[WhiteElo "2069"]
[BlackElo "2457"]
[PlyCount "72"]
[EventDate "2000.??.??"]

1. d4 Nf6 2. c4 e6 3. Nc3 Bb4 4. Qc2 d5 5. a3 Bxc3+ 6. Qxc3 Ne4 7. Qc2 c5 8.
cxd5 exd5 9. dxc5 Bf5 10. Qa4+ Nc6 11. Nf3 Nxc5 12. Qb5 Ne4 13. e3 O-O 14. Be2
a6 15. Qa4 Bg4 16. O-O Rc8 17. h3 Bxf3 18. Bxf3 Qe7 19. Rd1 Qh4 20. Bxe4 dxe4
21. Bd2 Rfe8 22. Bc3 Qe7 23. Rd2 Rcd8 24. Rad1 Rxd2 25. Rxd2 Ra8 26. Qc4 Rc8
27. Qa4 Rc7 28. Qb3 Qe8 29. Qd5 b6 30. Qf5 Qe7 31. Qd5 Rc8 32. Qf5 Rc7 33. Qd5
h6 34. Qf5 b5 35. Qd5 Rc8 36. Qf5 Rc7 1/2-1/2

[Event "ICS rated blitz match"]
[Site "204.178.125.65"]
[Date "2000.05.09"]
[Round "?"]
[White "Hossa"]
[Black "PostModernist"]
[Result "1/2-1/2"]
[WhiteElo "2444"]
[BlackElo "2646"]
[PlyCount "235"]
[EventDate "2000.??.??"]

1. e4 c6 2. d4 Na6 3. Bxa6 bxa6 4. Nf3 e6 5. O-O Bb7 6. c4 Bd6 7. e5 Bc7 8. Nc3
Ne7 9. Bg5 O-O 10. Qb3 Rb8 11. Ne4 h6 12. Bxe7 Qxe7 13. Qe3 d6 14. Nxd6 Bxd6
15. exd6 Qxd6 16. Rfe1 Ba8 17. b3 Rfd8 18. Rab1 Qa3 19. Re2 c5 20. dxc5 Bxf3
21. Qxf3 Qxc5 22. Qf4 Rb6 23. Rbe1 Rbd6 24. Qe5 Qc6 25. f4 Rd2 26. Qe3 R2d4 27.
f5 exf5 28. Qf2 Rd1 29. g3 g5 30. Qxf5 Rxe1+ 31. Rxe1 Rd2 32. Qe4 Qb6+ 33. Re3
Rxa2 34. Qe8+ Kg7 35. Qe5+ Qf6 36. Qxf6+ Kxf6 37. g4 a5 38. Rf3+ Kg7 39. Re3 a4
40. bxa4 Rxa4 41. Re4 h5 42. gxh5 Kh6 43. h4 f6 44. hxg5+ fxg5 45. Kf2 Kxh5 46.
Ke3 g4 47. Kd4 g3 48. Re8 g2 49. Rg8 Ra2 50. Ke4 a5 51. Kf3 a4 52. c5 a3 53. c6
Rc2 54. Rxg2 a2 55. Rg1 Rxc6 56. Rh1+ Kg5 57. Rg1+ Kf5 58. Ke3 Ke5 59. Rg5+ Ke6
60. Ra5 Rc2 61. Ra6+ Kd5 62. Kd3 Rf2 63. Ra5+ Kc6 64. Kc3 Kb6 65. Ra4 Rf3+ 66.
Kb2 Kb5 67. Rxa2 Kb4 68. Kc2 Rf2+ 69. Kb1 Rf8 70. Kc1 Kb3 71. Rd2 Kc3 72. Rd1
Ra8 73. Kb1 Rb8+ 74. Kc1 Rg8 75. Kb1 Rg7 76. Kc1 Ra7 77. Kb1 Rb7+ 78. Kc1 Rg7
79. Kb1 Ra7 80. Re1 Ra6 81. Rf1 Rb6+ 82. Kc1 Rg6 83. Kd1 Rg2 84. Ke1 Kd4 85.
Rh1 Rb2 86. Kf1 Rd2 87. Kg1 Re2 88. Kf1 Rb2 89. Kg1 Ke4 90. Kf1 Rb8 91. Kg1 Ke3
92. Kg2 Rg8+ 93. Kh3 Ke2 94. Rc1 Kd2 95. Rf1 Kd3 96. Kh4 Ke2 97. Rc1 Kd2 98.
Rf1 Kd3 99. Kh5 Rg3 100. Kh6 Rg2 101. Kh7 Kd2 102. Kh8 Kc3 103. Kh7 Kd4 104.
Kh6 Rg3 105. Kh7 Rg5 106. Kh8 Rg2 107. Rh1 Ke3 108. Kh7 Ke2 109. Kh8 Rg4 110.
Kh7 Kd2 111. Kh8 Kc2 112. Kh7 Kb3 113. Kh8 Kc3 114. Rf1 Rg3 115. Kh7 Kd2 116.
Kh8 Kd3 117. Rh1 Rg5 118. Re1 1/2-1/2